| 000 | 00766nam a2200241 i 4500 | ||
|---|---|---|---|
| 003 | DO-SdBNP | ||
| 005 | 20250314143226.0 | ||
| 007 | ta | ||
| 008 | 250314s2007 dr 000 0 spa d | ||
| 040 |
_aDO-SdBNP _bspa _cBNPHU _erda |
||
| 082 |
_axxx _bR426L _222 |
||
| 110 |
_aRepública Dominicana _9447 |
||
| 240 | 1 | 0 | _a[leyes,etc.] |
| 245 | 1 | 0 |
_aLey 89-05 : _bque crea el Colegio Dominicano de Notarios promulgada en fecha 24 de febrero de año 2005 / |
| 264 | 1 |
_aSanto Domingo : _b[Colegio Dominicano de Notarios], _c[2007]. |
|
| 300 |
_a10 páginas _c21 cm. |
||
| 336 |
_atexto _btxt _2rdacontent |
||
| 337 |
_asin mediación _bn _2rdamedia |
||
| 338 |
_avolumen _bnc _2rdacarrier |
||
| 590 | _aInventariado, 2025/ YL | ||
| 910 | _aYLockward | ||
| 942 |
_2ddc _cLF2 |
||
| 999 |
_c58435 _d58435 |
||